Statistics for YOGSCAST Members

Click here to take the quiz!

General Stats

  • This quiz has been taken 36 times
  • The average score is 13 of 22

Answer Stats

Answer% Correct
Duncan
100%
Lewis And Simon
100%
Sips
100%
Sjin
100%
Hannah
89%
Kim
89%
Rythian
89%
Hat Films
81%
Zoey
78%
Zylus
78%
Martyn
70%
Strippin
67%
Turps
56%
Nilesy
44%
Panda
33%
Ridgedog
26%
DaveChaos
19%
Parv
15%
PyrionFlax
11%
Will
11%
BebobVox
4%
PlaystationAccess
4%

Score Distribution

Percentile by Number Answered

Percent of People with Each Score

Your Score History

You have not taken this quiz